El Sermón de la Montaña (Record no. 84872)

MARC details
000 -LEADER
campo de control de longitud fija 00863nam a2200217 i 4500
001 - NÚMERO DE CONTROL
campo de control 84872
003 - IDENTIFICADOR DE NÚMERO DE CONTROL
campo de control ES-MaACL
005 - FECHA Y HORA DE LA ÚLTIMA TRANSACCIÓN
campo de control 20230906175128.0
007 - CAMPO FIJO DE DESCRIPCIÓN FÍSICA--INFORMACIÓN GENERAL
campo de control de longitud fija t|
008 - DATOS DE LONGITUD FIJA--INFORMACIÓN GENERAL
campo de control de longitud fija 190318s1965 sp ||||1| spa d
100 0# - ENTRADA PRINCIPAL--NOMBRE DE PERSONA
Nombre de persona Kahlefeld, Heinrich.
9 (RLIN) 67413
245 13 - MENCIÓN DEL TÍTULO
Título El Sermón de la Montaña
Resto del título : interpretación a Lc. 6.20.49 /
Mención de responsabilidad, etc. Enrique Kahlefeld ; [versión de la 2ª ed. alemana por Pedro Rafael Velasco Beteta].
260 ## - PUBLICACIÓN, DISTRIBUCIÓN, ETC.
Lugar de publicación, distribución, etc. Estella (Navarra) :
Nombre del editor, distribuidor, etc. Verbo Divino,
Fecha de publicación, distribución, etc. [1965]
300 ## - DESCRIPCIÓN FÍSICA
Extensión 156 p. ;
Dimensiones 19 cm.
490 1# - MENCIÓN DE SERIE
Mención de serie Colección "Biblia y Kerygma". Temas de Pastoral Bíblica ;
Designación de volumen o secuencia 4
630 #0 - PUNTO DE ACCESO ADICIONAL DE MATERIA--TÍTULO UNIFORME
Título uniforme Biblia.
Nombre de parte o sección de la obra N.T.
-- Evangelio según Lucas-
Subdivisión de forma Comentarios.
9 (RLIN) 119296
700 0# - ENTRADA AGREGADA--NOMBRE PERSONAL
Nombre de persona Velasco Beteta, Pedro Rafael.
9 (RLIN) 113747
830 0# - PUNTO DE ACCESO ADICIONAL DE SERIE-TÍTULO UNIFORME
Título uniforme Colección "Biblia y Kerygma". Temas de Pastoral Bíblica ;
Designación de volumen o secuencia 4
9 (RLIN) 183845
852 ## - LOCALIZACIÓN
Ubicación ES-MaACL
Número de control de estantería P-565-Bis-4
Holdings
Estatus retirado Estado de pérdida Estado de daño No para préstamo Biblioteca de origen Biblioteca actual Ubicación en estantería Fecha de adquisición Fuente de adquisición Total de préstamos Signatura topográfica completa Código de barras Visto por última vez Precio de reemplazo Tipo de ítem Koha
        Biblioteca del Ateneo de Madrid Biblioteca del Ateneo de Madrid Depósito 2 18/03/2019     P-565-Bis-4 1200159 23/02/2023 23/02/2023 Libro impreso